| 000 | 01041cam a22001934a 4500 | ||
|---|---|---|---|
| 005 | 20250605163931.0 | ||
| 008 | 250528s ||||||||||||||||||||||||d | ||
| 035 | _a14708 | ||
| 020 | _a140139109 | ||
| 040 |
_aGR-AtMCL _bgre _dGR-AtMCL _eAACR2 |
||
| 245 | 1 | _aChildren's Drawings | |
| 260 |
_bPenguin Books, _c1992 |
||
| 300 | _a244 | ||
| 520 | _aDrawing, like music or writing, is a demanding skill with its own specific set of techniques. In the West, where it is often taught as a form of self-expression, many children give up before they have even started... Acknowledgments, A Note on Gender, Introduction, Children's First Pictures, What Do the Lines Stand For?, The Emergence of the Human Figure, Developing the Human Figure, The Diagnostic Use of Children's Drawings, Recognizable Objects, Objects Inside or Behind Other Objects, Organizing the Scene, Copy Cat!, Exceptional Children, How We Can Help, Bibliography, General Index, Name Index. | ||
| 700 | 1 |
_aCox Maureen _9397 |
|
| 942 | _cBK | ||
| 999 |
_c329 _d329 |
||